000 00662nam a2200193 i 4500
001 138509
003 ES-MaACL
005 20250826064207.0
007 t|
008 070214s1952 sp r ||||1| spa d
100 1 _aSan Miguel Arribas, Luis.
_9102282
245 1 3 _aLa Inspección del Trabajo :
_b(importancia social y organización administrativa) /
_cLuis San Miguel Arribas.
260 _aMadrid :
_bInstituto de Estudios Políticos,
_c1952.
300 _a334 p. ;
_c21 cm.
650 7 _aInspección de trabajo-
_zEspaña
_2
_9140502
710 2 _aInstituto de Estudios Políticos (Madrid)
_94924
852 4 _aES-MaACL
_jE-9972
999 _c138509
_d138509